Statistics for Tom Petty Charting Songs (Billboard Hot Rock)

Click here to take the quiz!

General Stats

  • This quiz has been taken 53 times
  • The average score is 8 of 16

Answer Stats

AlbumWeeks OnPeakArtist(s)Song% Correct
Full Moon Fever8 Weeks#4Tom PettyFree Fallin'
92%
Into the Great Wide Open1 Week#25Tom Petty and the HeartbreakersInto the Great Wide Open
79%
Greatest Hits2 Weeks#11Tom Petty and the HeartbreakersAmerican Girl
71%
Full Moon Fever9 Weeks#4Tom PettyI Won't Back Down
68%
Wildflowers2 Weeks#16Tom PettyWildflowers
66%
Greatest Hits6 Weeks#6Tom Petty and the HeartbreakersMary Jane's Last Dance
61%
Full Moon Fever2 Weeks#9Tom PettyRunnin' Down a Dream
58%
Southern Accents2 Weeks#15Tom Petty and the HeartbreakersDon't Come Around Here No More
55%
Into the Great Wide Open4 Weeks#7Tom Petty and the HeartbreakersLearning to Fly
55%
Tom Petty and the Heartbreakers1 Week#20Tom Petty and the HeartbreakersBreakdown
45%
Damn the Torpedoes2 Weeks#13Tom Petty and the HeartbreakersDon't Do Me Like That
39%
Wildflowers4 Weeks#8Tom PettyYou Don't Know How It Feels
39%
Non-Album Single2 Weeks#10Tom Petty, Jeff Lynne, Steve Winwood, Dhani Harrison & PrinceWhile My Guitar Gently Weeps
32%
Damn the Torpedoes1 Week#21Tom Petty and the HeartbreakersHere Comes My Girl
18%
Mojo13 Weeks#41Tom Petty and the HeartbreakersI Should Have Known It
3%
Pack Up the Plantation: Live!1 Week#12Tom Petty and the HeartbreakersDon't Bring Me Down
0%

Score Distribution

Percentile by Number Answered

Percent of People with Each Score

Your Score History

You have not taken this quiz